مكتبة جامعة عجلون الوطنية

فهرس بحث المكتبة

بحوث محكمة في مسائل الحج / (Record no. 29846)

MARC details
000 -LEADER
fixed length control field 00818nam a2200241Ii 4500
003 - CONTROL NUMBER IDENTIFIER
control field JO-AjNU
005 - DATE AND TIME OF LATEST TRANSACTION
control field 20250722101840.0
008 - FIXED-LENGTH DATA ELEMENTS--GENERAL INFORMATION
fixed length control field 230605s9999||||xx |||||||||||||| ||und||
017 ## - COPYRIGHT OR LEGAL DEPOSIT NUMBER
Copyright or legal deposit number 2018/11/5684
040 ## - CATALOGING SOURCE
Original cataloging agency JO-AjNU
Language of cataloging ara
Description conventions rda
Transcribing agency JO-AjNU
041 ## - LANGUAGE CODE
Language code of text/sound track or separate title ara
050 14 - LIBRARY OF CONGRESS CALL NUMBER
Classification number BP187.3 2019
100 3# - MAIN ENTRY--PERSONAL NAME
Personal name القضاة، أحمد مصطفى ,
Relator term author
9 (RLIN) 58509
245 00 - TITLE STATEMENT
Title بحوث محكمة في مسائل الحج /
Statement of responsibility, etc. اعداد احمد مصطفى القضاة
250 ## - EDITION STATEMENT
Edition statement الطبعة الاولى
264 31 - PRODUCTION, PUBLICATION, DISTRIBUTION, MANUFACTURE, AND COPYRIGHT NOTICE
Place of production, publication, distribution, manufacture عمان : المعد، 2018
300 ## - PHYSICAL DESCRIPTION
Extent 144صفحة
336 ## - CONTENT TYPE
Content type term text
Content type code txt
Source rdacontent
337 ## - MEDIA TYPE
Media type term unmediated
Media type code n
Source rdamedia
338 ## - CARRIER TYPE
Carrier type term volume
Carrier type code nc
Source rdacarrier
650 #4 - SUBJECT ADDED ENTRY--TOPICAL TERM
Topical term or geographic name entry element الحج - الوقوف بعرفات - العبادة - أركان الإسلام
9 (RLIN) 58510
942 ## - ADDED ENTRY ELEMENTS (KOHA)
Source of classification or shelving scheme Library of Congress Classification
Koha item type Books
Holdings
Withdrawn status Lost status Source of classification or shelving scheme Damaged status Not for loan Home library Current library Shelving location Date acquired Total Checkouts Full call number Barcode Date last seen Price effective from Koha item type
    Library of Congress Classification     مكتبة جامعة عجلون الوطنية مكتبة جامعة عجلون الوطنية المجموعات العامة 06/06/2023   BP187.3 2019 A26278 06/06/2023 06/06/2023 Books
    Library of Congress Classification     مكتبة جامعة عجلون الوطنية مكتبة جامعة عجلون الوطنية   22/07/2025   BP187.3 2019 a30250 22/07/2025 22/07/2025